000 00390nam a2200169Ia 4500
001 23114
003 IN-NITTTR
005 20251114233300.0
008 251113s9999||||xx |||||||||||||| ||eng||
040 _beng
040 _cIN-NITTTR
041 _aeng
082 _a005.133T K295M
100 _aKelly-Bootle, Stan
245 0 _aMastering Turbo C /
_cKelly-Bootle, Stan
942 _2ddc
_cBK
999 _c25743
_d25743